Mikä kulkuneuvo puuttuu biisistä? - Statistics

Yleistilastot
  • Tätä visaa on pelattu 61 kertaa
    51 viimeisimmän päivityksen jälkeen
  • Keskiarvotulos 11 / 28
Vastaustilastot
Hint Vastaus % Oikein
Vuokrasin halvimman _____________ Meille hyvä, toisille mauton Arttu Wiskari Matkailuauton
82%
Mietin oonks mä ainoo, jota pelottaa Et tää _____ uppoaa kun nukun Mikael Gabriel Laiva
71%
Kotikaupungin katu oli hiekkainen tie Siinä ______ katolleen kääntyi Leevi and the Leavings Anglia
67%
Naapurimme _____ meille möi Uusi alku jälleen avautuu Arttu Wiskari Ladan
64%
Otin lainaksi naapurin _______ Leevi and the Leavings Sierran
64%
En mä pakkasta pelkää Ei se pysty mun _________ Olli Halonen Corollaan
62%
Onko se lintu? Onko se _________? Roope Salminen & Koirat Lentokone
62%
Niin nousemme _______ Ohi meren ja taivaan Katri Helena Laivaan
60%
____ rannassa meit oottaa Ku jaksan viel hetken niin helpottaa Jukka Poika Vene
58%
Sä nouset ________, mist puuttuu airot Ja nostat tankoo, mistä puuttuu painot. Mikael Gabriel Veneeseen
58%
Aika taittuu ja _____ ohi ajelee Nyt seisot alttarilla toisen kaa Ellinoora Autot
56%
Ja muistatko sen _______? Äijällä on se vieläkin Anssi Kela Bemarin
49%
Laura saapuu ____________, sen puiston laitaan pysäyttää Anssi Kela Prätkällään
42%
Nostaisin _________ hyökyaallosta Kokonaiseks ompelisin paloista Laura Närhi Kopteriin
40%
Älä koskaan hyppää toisen ______ Hyppää tuntemattomaan Mikael Gabriel Junaan
38%
raparperitaivas missä se lie _________ Leevi and the Leavings Ilmalaiva
36%
Mul on sulle sadetakki Ja mä oon sun oma _____ aina Paula Vesala Taksi
36%
_______ piirtelin huurteiset ikkunat Äiti kertasi tarvittavat asiat Mira Luoti Autossa
33%
Lähdit luotani aamuun ______ Istuin sängyn reunalla huterasti Arttu Wiskari Taksil
33%
Kesäfestareilla rättikattoinen _______ sai aina huomiota muita autoja enemmän Leevi and the Leavings Citroen
29%
Kohti valkeata rantaa _______ mun laulujen Sä kuljet tietäen Johanna Kurkela Laivaan
18%
Nyt sillan luokse usein päätyy ______________ Ja kaivaa taskustansa kynttilöitä Frans Harju Polkupyörineen
16%
Mut tänään meil on bileet, kädes karaokemikki ______ jouset kestää murheet, itkut sekä surut Faija Bussin
11%
_______ nainen Silmäpussit ja kauppakassit Frans Harju Junassa
11%
Joku itkee hiljaa ________ itään Ei helvetti oonko se mä, oonko se mä Frans Harju Metrossa
9%
Katselin sua tänään Espalla Sä istahdit ___________ Vesterinen yhtyeineen Skootteriin
9%
Istu mun seuraan Tähän meidän vanhaan _______ Olli Halonen Hondaan
7%
_____ _____ murahtaa, kun vaino mainettaan Helppo-Heikit perään vilkuttaa Jukka Poika Range Rover
0%
Ehtoja vastaavia visoja ei löytynyt
Tulosjakauma
Jokaisen tuloksen saaneiden osuus
Persentiili vastausten määrän mukaan
Tuloshistoriasi
Et ole pelannut tätä visaa sen viimeisimmän päivityksen jälkeen